Países de Jogadores do Campeonato Brasileiro - Statistics

Estatísticas Gerais
  • Esse quiz foi jogado 7 050 vezes
    5 305 desde o último reset
  • A pontuação média é 9 de 13
Estatísticas das Respostas
# País % Correto
17 Argentina
99%
17 Uruguai
98%
13 Colômbia
94%
4 Chile
93%
9 Paraguai
91%
3 Venezuela
89%
9 Equador
88%
1 Bolívia
81%
1 Portugal
72%
1 Estados Unidos
67%
1 Bélgica
20%
1 Ucrânia
16%
1 Finlândia
10%
Nenhum quiz correspondente encontrado
Distribuição das Pontuações
Porcentagem de Pessoas com Cada Pontuação
Percentil de Números Respondidos
Sua Pontuação Histórica
Você não jogou esse quiz desde o último reset